General Knowledge Quiz - Statistics

General Stats
  • This quiz has been taken 22 times
  • The average score is 6 of 15
Answer Stats
Hint Answer % Correct
What is the most common surname in the United States? Smith
95%
What disease commonly spread on pirate ships? Scurvy
79%
Where are the Spanish Steps? Rome
63%
How many faces does a Dodecahedron have? 12
58%
What female artist has the most streams on Spotify? Taylor Swift
58%
How many ghosts chase Pac-Man at the start of each game? 4
53%
Aureolin is a shade of what color? Yellow
42%
How many elements are in the periodic table? 118
32%
What year was the United Nations established? 1945
32%
Who was the Ancient Greek God of the Sun? Apollo
32%
What male artist has the most streams on Spotify? Drake
32%
How many minutes are in a full week? 10,080
21%
Who has won the most total Academy Awards? Walt Disney
21%
What company was originally called "Cadabra"? Amazon
16%
What country has the highest life expectancy? Hong Kong
11%
No matching quizzes found
Score Distribution
Percent of People with Each Score
Percentile by Number Answered
Your Score History
You have not taken this quiz